000 00342nam a2200097Ia 4500
008 220120s9999||||xx |||||||||||||| ||und||
100 _aDravya, Myna, Neelamma and Preetham
_912642
245 0 _aCan you trust online rating? a matual rein forcement model f
260 _aCoorg Institute of Technology
_bPonnampet
_c2017
650 _aCOMPUTER SCIENCE
999 _c138241
_d138241